000 00355nam a2200133Ia 4500
008 210716s1968 xx 000 0 und d
041 _aeng
082 _a150.195 JOUS
100 _aJourard, Sidney M.
245 _aDisclosing man to himself.
260 _aLondon
_bD Van nostrand company inc
_c1968
300 _aviii, 245
650 _aGeneral Management
999 _c201031
_d201031